[Event "Campeonato Femenino 2015"]
[Site "Sochi RUS"]
[Date "2015.03.19"]
[Round "4.3"]
[White "Galliamova, Alisa"]
[Black "Lujan, Carolina"]
[Result "1-0"]
[WhiteElo "2484"]
[BlackElo "2349"]
[PlyCount "83"]
[EventDate "2015.03.16"]
[EventType "k.o."]
[EventRounds "6"]
[EventCountry "RUS"]
[Source "lmi"]
[SourceDate "2015.03.16"]

1. d4 Nf6 2. Nf3 b5 3. g3 Bb7 4. Bg2 e6 5. O-O c5 6. b3 Nc6 7. Bb2 Qb6 8. a4 b4
9. dxc5 Bxc5 10. Nbd2 d5 11. Bxf6 gxf6 12. e4 Rd8 13. exd5 Rxd5 14. Qe2 Ne5 15.
Nxe5 Rxe5 16. Qg4 Bxg2 17. Kxg2 Bd4 18. Rad1 f5 19. Qh4 Bc3 20. Nf3 Re4 21. Qh5
Qb7 22. Kg1 Qe7 23. Ng5 Rg4 24. Nxf7 Qxf7 25. Rd8+ Ke7 26. Rd7+ Kxd7 27. Qxf7+
Kd6 28. Qxa7 Rd4 29. a5 Rd5 30. a6 Rg8 31. Qb7 Ke5 32. a7 Rdd8 33. Qxh7 Kf6 34.
Kg2 Rge8 35. Qb7 Rg8 36. h4 f4 37. Kh3 e5 38. g4 Rh8 39. g5+ Kf5 40. Qf7+ Ke4
41. Kg4 Kd4 42. Qc4# 1-0

[Event "Campeonato Femenino 2015"]
[Site "Sochi RUS"]
[Date "2015.03.19"]
[Round "4.4"]
[White "Kosintseva, Tatiana"]
[Black "Gomes, Mary Ann"]
[Result "0-1"]
[WhiteElo "2483"]
[BlackElo "2354"]
[PlyCount "73"]
[EventDate "2015.03.16"]
[EventType "k.o."]
[EventRounds "6"]
[EventCountry "RUS"]
[Source "lmi"]
[SourceDate "2015.03.16"]

1. e4 c5 2. Nf3 e6 3. g3 Nc6 4. Bg2 Nf6 5. Qe2 d5 6. exd5 Nxd5 7. O-O Be7 8.
Rd1 Bf6 9. Nc3 Nxc3 10. dxc3 Qb6 11. Bg5 Qxb2 12. Bxf6 gxf6 13. Qe3 O-O 14. Nd2
Ne7 15. Ne4 Kg7 16. Qf4 f5 17. Qe5+ f6 18. Qxc5 fxe4 19. Qxe7+ Rf7 20. Qe8 f5
21. Qd8 h6 22. Qa5 Qb6 23. Qe5+ Kh7 24. Rd6 Qc7 25. Rad1 Bd7 26. g4 Rg8 27. h3
Bc8 28. Kh1 Rfg7 29. Qf6 Rf7 30. Qe5 b6 31. gxf5 exf5 32. Qf4 Rg5 33. h4 Rg6
34. h5 Rg5 35. Bxe4 fxe4 36. Rxh6+ Kxh6 37. Rd6+ 0-1

[Event "Campeonato Femenino 2015"]
[Site "Sochi RUS"]
[Date "2015.03.19"]
[Round "4.5"]
[White "Javakhishvili, Lela"]
[Black "Guramishvili, Sopiko"]
[Result "1/2-1/2"]
[WhiteElo "2481"]
[BlackElo "2367"]
[PlyCount "121"]
[EventDate "2015.03.16"]
[EventType "k.o."]
[EventRounds "6"]
[EventCountry "RUS"]
[Source "lmi"]
[SourceDate "2015.03.16"]

1. d4 Nf6 2. Nf3 g6 3. Bg5 Bg7 4. Nbd2 h6 5. Bxf6 Bxf6 6. e4 d6 7. Bd3 O-O 8.
e5 Bg7 9. Qe2 dxe5 10. dxe5 Nc6 11. c3 Be6 12. Rd1 Qc8 13. O-O a5 14. a4 Rd8
15. h3 Bf5 16. Bc4 Be6 17. Bb5 Na7 18. Bd3 c5 19. Nh4 Bxe5 20. f4 Bf6 21. f5
Bxh4 22. fxe6 Qxe6 23. Qxe6 fxe6 24. Bxg6 Kg7 25. Be4 Nc6 26. Nb3 Bg5 27. Kf2
Rxd1 28. Rxd1 Rf8+ 29. Ke2 Bh4 30. g3 Bf6 31. Nxc5 Rb8 32. Nxe6+ Kf7 33. Nc5
Ne5 34. Nxb7 Kg7 35. b3 Nf7 36. Rd3 Nd6 37. Nxd6 exd6 38. Bd5 Rc8 39. c4 Rb8
40. Rf3 Kg6 41. h4 Kg7 42. Kd2 Re8 43. Bc6 Rc8 44. Bd7 Rd8 45. Bf5 Re8 46. Rd3
Be5 47. Rd5 Bxg3 48. Kd3 Re5 49. Rxe5 Bxe5 50. b4 axb4 51. a5 Bg3 52. a6 Bf2
53. Ke4 Kf6 54. Bh7 Bc5 55. Kd5 b3 56. a7 Bxa7 57. Kxd6 Bf2 58. h5 Kg5 59. Bg6
b2 60. c5 Bxc5+ 61. Kxc5 1/2-1/2

[Event "Campeonato Femenino 2015"]
[Site "Sochi RUS"]
[Date "2015.03.19"]
[Round "4.6"]
[White "Arabidze, Meri"]
[Black "Paehtz, Elisabeth"]
[Result "1/2-1/2"]
[WhiteElo "2374"]
[BlackElo "2479"]
[PlyCount "127"]
[EventDate "2015.03.16"]
[EventType "k.o."]
[EventRounds "6"]
[EventCountry "RUS"]
[Source "lmi"]
[SourceDate "2015.03.16"]

1. d4 e6 2. c4 Bb4+ 3. Bd2 Qe7 4. Nf3 Nf6 5. Nc3 b6 6. g3 Bb7 7. Bg2 O-O 8. O-O
d6 9. d5 Bxc3 10. Bxc3 Ne4 11. Bxg7 Kxg7 12. Nd4 Nc5 13. b4 Nbd7 14. bxc5 Nxc5
15. Qc2 Qf6 16. Rad1 Kh8 17. e4 Rae8 18. Rfe1 e5 19. Nf5 Bc8 20. Nh4 Bd7 21.
Rd2 Qg5 22. Qc3 Na4 23. Qc2 Nc5 24. Rde2 b5 25. cxb5 Bxb5 26. Re3 Bd7 27. Qc3
Qe7 28. Qa5 Bc8 29. Rb1 a6 30. Rc1 Rg8 31. Nf3 Bg4 32. Nd2 Rb8 33. Nb3 Rb5 34.
Qa3 Nxb3 35. axb3 Rgb8 36. Rec3 Qg5 37. h4 Qd2 38. Rxc7 Rb4 39. Qxa6 R4b6 40.
Qa7 Bh5 41. Rc8+ Kg7 42. Rxb8 Qxc1+ 43. Kh2 Rxb8 44. Qxb8 Qc5 45. Kg1 Qc1+ 46.
Kh2 Qc5 47. Qd8 h6 48. Kg1 Qc1+ 49. Kh2 Qc5 50. f3 Qf2 51. g4 Bxg4 52. fxg4
Qf4+ 53. Kh3 Qe3+ 54. Kh2 Qf4+ 55. Kg1 Qe3+ 56. Kf1 Qc1+ 57. Ke2 Qc2+ 58. Ke3
Qc3+ 59. Kf2 Qd2+ 60. Kg1 Qe3+ 61. Kh2 Qf4+ 62. Kh1 Qc1+ 63. Kh2 Qf4+ 64. Kg1
1/2-1/2

[Event "Campeonato Femenino 2015"]
[Site "Sochi RUS"]
[Date "2015.03.19"]
[Round "4.7"]
[White "Kovanova, Baira"]
[Black "Huang, Qian"]
[Result "0-1"]
[WhiteElo "2381"]
[BlackElo "2473"]
[PlyCount "80"]
[EventDate "2015.03.16"]
[EventType "k.o."]
[EventRounds "6"]
[EventCountry "RUS"]
[Source "lmi"]
[SourceDate "2015.03.16"]

1. e4 d5 2. exd5 Qxd5 3. Nc3 Qd6 4. d4 Nf6 5. Bd3 g6 6. Nge2 Bg7 7. Bf4 Qd8 8.
Qd2 O-O 9. O-O-O Nc6 10. Kb1 Nb4 11. Bc4 c6 12. a3 Nbd5 13. Be5 b5 14. Bb3
Nxc3+ 15. Nxc3 b4 16. axb4 a5 17. b5 cxb5 18. Nxb5 a4 19. Bc4 Bd7 20. Na3 Qb6
21. f3 Rfc8 22. d5 Ne8 23. Bxg7 Nxg7 24. Qd4 Qd6 25. g4 Rab8 26. Ka1 Ne8 27. c3
Qc7 28. Rd2 Nd6 29. Ba6 Re8 30. Rc1 Rb3 31. Rdc2 Reb8 32. c4 Qa5 33. Bb5 Bxb5
34. cxb5 Rxf3 35. b6 Qxb6 36. Qxa4 Rb3 37. Rb1 Qb7 38. Rc3 Rxb2 39. Rcc1 Qb6
40. Qc6 Qb3 0-1

[Event "Campeonato Femenino 2015"]
[Site "Sochi RUS"]
[Date "2015.03.19"]
[Round "4.8"]
[White "Daulyte, Deimante"]
[Black "Socko, Monika"]
[Result "0-1"]
[WhiteElo "2395"]
[BlackElo "2463"]
[PlyCount "111"]
[EventDate "2015.03.16"]
[EventType "k.o."]
[EventRounds "6"]
[EventCountry "RUS"]
[Source "lmi"]
[SourceDate "2015.03.16"]

1. e4 e6 2. d4 d5 3. Nd2 a6 4. Ngf3 Nf6 5. e5 Nfd7 6. Bd3 c5 7. c3 Nc6 8. O-O
g5 9. Nb3 h6 10. Nxc5 Nxc5 11. dxc5 Bxc5 12. Qe2 Qc7 13. Re1 Bd7 14. Be3 Bf8
15. Bd4 Bg7 16. b4 Rc8 17. Qe3 Nxd4 18. cxd4 Qb6 19. a3 O-O 20. Rec1 a5 21. b5
a4 22. h4 gxh4 23. Nxh4 Qa5 24. Rab1 Rxc1+ 25. Rxc1 Rc8 26. Rxc8+ Bxc8 27. Nf3
Bd7 28. Qc1 Bf8 29. Qb2 Be7 30. g3 Kf8 31. Kg2 Ke8 32. Nh2 Qe1 33. Qc2 Qa1 34.
Qxa4 Qc3 35. Qa8+ Bc8 36. Nf3 Kd8 37. Bf1 Bxa3 38. Qa4 Be7 39. Qa2 Kc7 40. Qb1
f5 41. exf6 Bxf6 42. Qh7+ Kb6 43. Qxh6 Bxd4 44. Qf8 Bg7 45. Qd8+ Qc7 46. Qg5
Ka7 47. Qe3+ b6 48. Nd4 Bb7 49. Qa3+ Kb8 50. Nxe6 d4+ 51. Kg1 Qd7 52. Nxg7 Qxg7
53. Qd6+ Qc7 54. Qxd4 Qc1 55. Qxb6 Qe1 56. Qd8+ 0-1

[Event "Campeonato Femenino 2015"]
[Site "Sochi RUS"]
[Date "2015.03.19"]
[Round "4.9"]
[White "Sukandar, Irine Kharisma"]
[Black "Melia, Salome"]
[Result "0-1"]
[WhiteElo "2415"]
[BlackElo "2459"]
[PlyCount "130"]
[EventDate "2015.03.16"]
[EventType "k.o."]
[EventRounds "6"]
[EventCountry "RUS"]
[Source "lmi"]
[SourceDate "2015.03.16"]

1. e4 c6 2. d4 d5 3. Nd2 dxe4 4. Nxe4 Bf5 5. Ng3 Bg6 6. Nh3 Nf6 7. Bc4 e6 8.
Nf4 Bd6 9. Bb3 Nbd7 10. Qf3 a5 11. c3 a4 12. Nxg6 hxg6 13. Bc2 a3 14. b3 Qc7
15. Bd2 e5 16. O-O exd4 17. Rfe1+ Kf8 18. cxd4 Nb6 19. Re2 Nbd5 20. Rae1 Bf4
21. Bxf4 Qxf4 22. Qxf4 Nxf4 23. Re7 Rb8 24. R7e5 N4d5 25. h3 Rh4 26. Ne2 Nd7
27. Re4 Rxe4 28. Bxe4 N7f6 29. Bf3 Nb4 30. Rc1 Ra8 31. Nc3 Rd8 32. Ne2 Ra8 33.
Nc3 Rd8 34. Rd1 Nfd5 35. Bxd5 Nxd5 36. Nb1 Ra8 37. Kf1 Ke7 38. Ke2 g5 39. Kf3
f6 40. Rd2 Kd7 41. Ke4 g6 42. Kf3 b5 43. Rc2 Nb4 44. Rd2 Nd5 45. g3 f5 46. Re2
Kd6 47. Rc2 Nb4 48. Rd2 Nd5 49. Re2 Kd7 50. Re5 Nb4 51. Re2 Nd5 52. Kg2 Kd6 53.
h4 gxh4 54. Kf3 h3 55. Re1 Nf6 56. Kf4 Rh8 57. Rh1 Ne4 58. Kf3 b4 59. g4 Kd5
60. Rh2 Kxd4 61. gxf5 gxf5 62. Kf4 Nc3 63. Nd2 Nxa2 64. f3 Nc1 65. Nc4 Nxb3 0-1

[Event "Campeonato Femenino 2015"]
[Site "Sochi RUS"]
[Date "2015.03.19"]
[Round "4.10"]
[White "Kashlinskaya, Alina"]
[Black "Shen, Yang"]
[Result "0-1"]
[WhiteElo "2436"]
[BlackElo "2459"]
[PlyCount "140"]
[EventDate "2015.03.16"]
[EventType "k.o."]
[EventRounds "6"]
[EventCountry "RUS"]
[Source "lmi"]
[SourceDate "2015.03.16"]

1. d4 d5 2. c4 c6 3. Nf3 Nf6 4. Nc3 e6 5. Bg5 Nbd7 6. e3 Qa5 7. Nd2 Bb4 8. Qc2
O-O 9. Be2 dxc4 10. Bxf6 Nxf6 11. Nxc4 Qd8 12. O-O b6 13. a3 Be7 14. Ne5 Bb7
15. Bf3 Nd5 16. b4 Rc8 17. Ne4 Qc7 18. Rfc1 Rfd8 19. Qb3 Qb8 20. Bh5 g6 21. Bf3
c5 22. bxc5 bxc5 23. dxc5 Qxe5 24. Qxb7 f5 25. Nd6 Rxc5 26. Nb5 Rb8 27. Qxa7
Rcxb5 28. Bxd5 exd5 29. g3 Bc5 30. Qd7 d4 31. exd4 Qxd4 32. Qe6+ Kg7 33. Rf1
R5b6 34. Qe1 Rd8 35. Rc1 Rb3 36. Rd1 Qxd1 37. Qe5+ Kf7 38. Rxd1 Rxd1+ 39. Kg2
Be7 40. Qh8 Bf6 41. Qxh7+ Bg7 42. h4 Kf6 43. h5 gxh5 44. Qxh5 Rd4 45. a4 Ra3
46. Qe8 Raxa4 47. Qc6+ Kf7 48. Qc7+ Kg6 49. Qc6+ Bf6 50. Qe6 Ra7 51. Qg8+ Rg7
52. Qe8+ Rf7 53. Qe6 Re4 54. Qc6 Kg7 55. Qd5 Bd4 56. Qb5 Re6 57. Qd5 Re4 58.
Qb5 Ree7 59. Qd5 Be5 60. Qc5 f4 61. gxf4 Bxf4 62. Qd4+ Re5 63. f3 Kh7 64. Qd3+
Kh6 65. Qc4 Rg7+ 66. Kf1 Be3 67. Qh4+ Rh5 68. Qf6+ Kh7 69. Ke2 Bc5 70. Qe6 Re7
0-1

[Event "Campeonato Femenino 2015"]
[Site "Sochi RUS"]
[Date "2015.03.19"]
[Round "4.11"]
[White "Mkrtchian, Lilit"]
[Black "Goryachkina, Aleksandra"]
[Result "1-0"]
[WhiteElo "2443"]
[BlackElo "2456"]
[PlyCount "127"]
[EventDate "2015.03.16"]
[EventType "k.o."]
[EventRounds "6"]
[EventCountry "RUS"]
[Source "lmi"]
[SourceDate "2015.03.16"]

1. c4 c6 2. Nf3 d5 3. b3 Bf5 4. Bb2 e6 5. g3 Nf6 6. Bg2 Be7 7. O-O h6 8. d3 O-O
9. Na3 Nbd7 10. Nc2 Bh7 11. a3 Rc8 12. Qd2 Re8 13. Rac1 Bf8 14. Ne5 Nxe5 15.
Bxe5 Nd7 16. Ba1 Be7 17. cxd5 cxd5 18. b4 Bf6 19. Nd4 Qb6 20. Nb3 Bxa1 21. Rxa1
Rc7 22. Rfc1 Rec8 23. Rxc7 Qxc7 24. Rc1 Qb8 25. Na5 Ne5 26. Qf4 Rxc1+ 27. Qxc1
Nd7 28. Qc3 Bg6 29. Bf1 Kh7 30. Qc1 Nf6 31. Qc3 h5 32. h4 Ng4 33. Bh3 Bf5 34.
Qd4 Kg8 35. Qf4 Qc8 36. Nb3 e5 37. Qc1 Qd7 38. Nc5 Qc8 39. Bg2 b6 40. Nb3 Qd7
41. Nd2 Be6 42. Nf3 f6 43. Nd2 Nh6 44. Nb1 d4 45. Nd2 Kh8 46. Ne4 Nf7 47. Bf3
Bg4 48. Bxg4 hxg4 49. Qc4 f5 50. Nd2 Nd8 51. b5 Kh7 52. a4 Kh8 53. Qb4 Kh7 54.
Qf8 Nf7 55. Nc4 f4 56. Qa8 fxg3 57. fxg3 Qf5 58. Qxa7 Nh6 59. Qb7 Qf8 60. Qe4+
Kh8 61. Nxe5 Qb4 62. Ng6+ Kg8 63. h5 Qc5 64. Qe8+ 1-0

[Event "Campeonato Femenino 2015"]
[Site "Sochi RUS"]
[Date "2015.03.19"]
[Round "5.1"]
[White "Galliamova, Alisa"]
[Black "Lujan, Carolina"]
[Result "1-0"]
[WhiteElo "2484"]
[BlackElo "2349"]
[PlyCount "123"]
[EventDate "2015.03.16"]
[EventType "k.o."]
[EventRounds "6"]
[EventCountry "RUS"]
[Source "lmi"]
[SourceDate "2015.03.16"]

1. d4 Nf6 2. e3 g6 3. Nf3 Bg7 4. c4 d5 5. cxd5 Nxd5 6. Be2 O-O 7. O-O Nb6 8. b4
Be6 9. Nc3 N8d7 10. Rb1 Nf6 11. a4 a5 12. b5 Nfd5 13. Nxd5 Bxd5 14. Qc2 f5 15.
Nd2 e5 16. dxe5 Bxe5 17. h3 Bxg2 18. Kxg2 Qg5+ 19. Kh1 Qh4 20. Qb3+ Kg7 21. e4
fxe4 22. Bb2 Bxb2 23. Qxb2+ Kh6 24. Qb3 Rf4 25. Qg3 Qf6 26. Rbc1 Nd5 27. Nc4
Rd8 28. Rcd1 c6 29. bxc6 bxc6 30. Ne3 Kg7 31. Bc4 Rf3 32. Qg4 Rf4 33. Qg2 Qe5
34. Bxd5 cxd5 35. Qg3 d4 36. Ng2 Rf5 37. Qxe5+ Rxe5 38. Rb1 g5 39. Rb5 Rdd5 40.
Rfb1 Kf6 41. Kg1 h5 42. h4 gxh4 43. Nf4 Rg5+ 44. Kf1 Rxb5 45. axb5 Rg8 46. b6
Ke5 47. b7 Rb8 48. Ng6+ Kd6 49. Nxh4 d3 50. Ke1 a4 51. Kd2 a3 52. Ke3 a2 53.
Ra1 Rxb7 54. Rxa2 Kd5 55. Ra5+ Kc4 56. Nf5 Rb2 57. Nd6+ Kb4 58. Rb5+ Kc3 59.
Nxe4+ Kc2 60. Rxb2+ Kxb2 61. Kxd3 h4 62. Ng5 1-0

[Event "Campeonato Femenino 2015"]
[Site "Sochi RUS"]
[Date "2015.03.19"]
[Round "5.2"]
[White "Gomes, Mary Ann"]
[Black "Kosintseva, Tatiana"]
[Result "1-0"]
[WhiteElo "2354"]
[BlackElo "2483"]
[PlyCount "91"]
[EventDate "2015.03.16"]
[EventType "k.o."]
[EventRounds "6"]
[EventCountry "RUS"]
[Source "lmi"]
[SourceDate "2015.03.16"]

1. e4 e5 2. Nf3 Nc6 3. Bb5 a6 4. Ba4 Nf6 5. O-O Be7 6. Re1 b5 7. Bb3 d6 8. a4
Bg4 9. c3 b4 10. h3 Bh5 11. a5 O-O 12. Ba4 Nxa5 13. cxb4 Nc4 14. d3 Nb6 15. Bc6
Rb8 16. Rxa6 d5 17. g4 Qc8 18. Rxb6 Rxb6 19. Nxe5 Bxb4 20. gxh5 Bxe1 21. Qxe1
Qxh3 22. exd5 Ng4 23. Bf4 Rxb2 24. Nd2 Nxe5 25. Bxe5 Rc2 26. Bxc7 Qxd3 27. Nf1
Re2 28. Qc1 Qf3 29. Qf4 Qd3 30. Ng3 Re1+ 31. Kg2 Qc2 32. Qf3 Rc1 33. h6 gxh6
34. Nf5 Kh8 35. Qg4 Qc3 36. Nxh6 Qf6 37. Qh5 Qg6+ 38. Qxg6 hxg6 39. Ng4 Kg7 40.
Bf4 Rc4 41. Bh6+ Kh7 42. Bxf8 Rxg4+ 43. Kf3 Rd4 44. d6 Kg8 45. Be7 f5 46. d7
1-0

[Event "Campeonato Femenino 2015"]
[Site "Sochi RUS"]
[Date "2015.03.19"]
[Round "5.3"]
[White "Guramishvili, Sopiko"]
[Black "Javakhishvili, Lela"]
[Result "0-1"]
[WhiteElo "2367"]
[BlackElo "2481"]
[PlyCount "160"]
[EventDate "2015.03.16"]
[EventType "k.o."]
[EventRounds "6"]
[EventCountry "RUS"]
[Source "lmi"]
[SourceDate "2015.03.16"]

1. d4 d5 2. c4 e6 3. Nc3 Be7 4. cxd5 exd5 5. Bf4 c6 6. Qc2 Nf6 7. e3 Nbd7 8.
Bd3 O-O 9. h3 Re8 10. Nf3 Nf8 11. O-O-O a5 12. g4 a4 13. Kb1 a3 14. b3 Be6 15.
Ne5 Rc8 16. g5 N6d7 17. Nxd7 Qxd7 18. e4 Bb4 19. Na4 Ng6 20. Be3 Qe7 21. h4
dxe4 22. Bxe4 Bxb3 23. axb3 Qxe4 24. Qxe4 Rxe4 25. h5 Ne7 26. Nb6 Rd8 27. Nc4
Nd5 28. Rd3 Nxe3 29. Nxe3 Rexd4 30. Rxd4 Rxd4 31. Nc2 Rf4 32. Nxb4 Rxb4 33. Rd1
h6 34. g6 fxg6 35. hxg6 Rxb3+ 36. Ka2 Rf3 37. Rd8+ Rf8 38. Rd7 Rxf2+ 39. Kxa3
b6 40. Rd6 Rf6 41. Rd8+ Rf8 42. Rd6 Rc8 43. Kb4 h5 44. Kc4 h4 45. Rd4 Kf8 46.
Rf4+ Ke7 47. Rf7+ Ke6 48. Rxg7 Kf5 49. Rh7 Kxg6 50. Rxh4 Ra8 51. Kc3 Kf5 52.
Rh6 Rc8 53. Kc4 Ke5 54. Rg6 Ke4 55. Re6+ Kf4 56. Rh6 Ke3 57. Rd6 Rc7 58. Rd8
Re7 59. Rd6 Rc7 60. Rd8 Rh7 61. Rd6 b5+ 62. Kc3 c5 63. Rd5 Rc7 64. Rd8 Ke4 65.
Rb8 b4+ 66. Kc4 Ke3 67. Rd8 Ke2 68. Rd6 Rb7 69. Rh6 Kd2 70. Rh2+ Kc1 71. Rh1+
Kc2 72. Rh2+ Kb1 73. Kb3 c4+ 74. Kxc4 b3 75. Kc3 b2 76. Rh8 Rg7 77. Kd2 Rg2+
78. Kd1 Rg4 79. Ra8 Rd4+ 80. Ke2 Kc2 0-1

[Event "Campeonato Femenino 2015"]
[Site "Sochi RUS"]
[Date "2015.03.19"]
[Round "5.4"]
[White "Arabidze, Meri"]
[Black "Paehtz, Elisabeth"]
[Result "1-0"]
[WhiteElo "2374"]
[BlackElo "2479"]
[PlyCount "115"]
[EventDate "2015.03.16"]
[EventType "k.o."]
[EventRounds "6"]
[EventCountry "RUS"]
[Source "lmi"]
[SourceDate "2015.03.16"]

1. d4 d6 2. Nf3 g6 3. c4 Bg7 4. Nc3 Bg4 5. e3 Nf6 6. Bd3 Nc6 7. h3 Bxf3 8. Qxf3
e5 9. d5 Nb4 10. Qd1 Nd7 11. Be2 a5 12. e4 O-O 13. h4 f5 14. Bg5 Qb8 15. h5 Bf6
16. Bh6 Bg7 17. Bxg7 Kxg7 18. hxg6 hxg6 19. exf5 Rh8 20. Rxh8 Qxh8 21. a3 Na6
22. Qc2 Qh1+ 23. Bf1 Qh6 24. fxg6 Rf8 25. Ne4 Nf6 26. Ng3 Qxg6 27. Qxg6+ Kxg6
28. Bd3+ Kf7 29. Ke2 Nc5 30. Bc2 a4 31. Rh1 Rg8 32. Rh4 b5 33. cxb5 Nxd5 34.
Rh7+ Ke8 35. Ne4 Nxe4 36. Bxe4 Nf6 37. Bc6+ Kd8 38. Rf7 Nh5 39. g3 Ng7 40. Bd5
Ne8 41. b6 cxb6 42. Rb7 Rg4 43. Rxb6 Rd4 44. Bc6 Nf6 45. Rb4 Rxb4 46. axb4 Kc7
47. Bxa4 Nd5 48. b5 Kb6 49. g4 Kc5 50. g5 Nf4+ 51. Kf3 d5 52. Bc2 Kxb5 53. g6
Ne6 54. Kg4 e4 55. Kf5 Ng7+ 56. Kf6 Nh5+ 57. Kf7 Kc4 58. Bd1 1-0

[Event "Campeonato Femenino 2015"]
[Site "Sochi RUS"]
[Date "2015.03.19"]
[Round "5.5"]
[White "Socko, Monika"]
[Black "Daulyte, Deimante"]
[Result "1-0"]
[WhiteElo "2463"]
[BlackElo "2395"]
[PlyCount "81"]
[EventDate "2015.03.16"]
[EventType "k.o."]
[EventRounds "6"]
[EventCountry "RUS"]
[Source "lmi"]
[SourceDate "2015.03.16"]

1. Nf3 Nf6 2. g3 g6 3. Bg2 Bg7 4. d4 O-O 5. c4 d5 6. cxd5 Nxd5 7. Nc3 Nc6 8.
O-O Bf5 9. Re1 Nxc3 10. bxc3 Qd7 11. e4 Bh3 12. Rb1 Bxg2 13. Kxg2 Na5 14. Qe2
b6 15. Bf4 Rfd8 16. Red1 Rac8 17. c4 Qa4 18. Rbc1 c5 19. d5 a6 20. e5 b5 21. e6
f6 22. d6 Nxc4 23. dxe7 Re8 24. Rd8 Qa5 25. Rxc8 Rxc8 26. Rd1 g5 27. Rd8+ Rxd8
28. exd8=Q+ Qxd8 29. e7 Qe8 30. Qe6+ Kh8 31. Bc7 h5 32. h3 Kh7 33. g4 h4 34.
Qf5+ Kg8 35. Qd5+ Kh7 36. Qd8 Qg6 37. e8=Q Qc2 38. Qh5+ Bh6 39. Qe7+ Kg8 40.
Qhf7+ Kh8 41. Qee8+ 1-0

[Event "Campeonato Femenino 2015"]
[Site "Sochi RUS"]
[Date "2015.03.19"]
[Round "5.6"]
[White "Goryachkina, Aleksandra"]
[Black "Mkrtchian, Lilit"]
[Result "1-0"]
[WhiteElo "2456"]
[BlackElo "2443"]
[PlyCount "59"]
[EventDate "2015.03.16"]
[EventType "k.o."]
[EventRounds "6"]
[EventCountry "RUS"]
[Source "lmi"]
[SourceDate "2015.03.16"]

1. d4 Nf6 2. c4 e6 3. Nf3 b6 4. g3 Bb7 5. Bg2 Be7 6. Nc3 O-O 7. O-O Na6 8. Bf4
Ne4 9. Nxe4 Bxe4 10. a3 d6 11. Rc1 Nb8 12. Bh3 Nd7 13. Nd2 Bb7 14. e4 e5 15.
Be3 exd4 16. Bxd4 Nc5 17. Bg2 a5 18. b4 axb4 19. axb4 Nd3 20. Rb1 c5 21. bxc5
dxc5 22. Be3 Nb4 23. Qb3 Bf6 24. Rbd1 Bc6 25. Nb1 Qe8 26. Nc3 Bxc3 27. Qxc3
Bxe4 28. Rfe1 Nc2 29. Bh6 gxh6 30. Rxe4 1-0

[Event "Campeonato Femenino 2015"]
[Site "Sochi RUS"]
[Date "2015.03.19"]
[Round "6.1"]
[White "Lujan, Carolina"]
[Black "Galliamova, Alisa"]
[Result "1/2-1/2"]
[WhiteElo "2349"]
[BlackElo "2484"]
[PlyCount "100"]
[EventDate "2015.03.16"]
[EventType "k.o."]
[EventRounds "6"]
[EventCountry "RUS"]
[Source "lmi"]
[SourceDate "2015.03.16"]

1. e4 c5 2. Nf3 Nc6 3. g3 g6 4. Bg2 Bg7 5. O-O d6 6. Re1 e5 7. c3 Nge7 8. a3 a5
9. a4 O-O 10. Na3 f5 11. exf5 gxf5 12. d3 Kh8 13. Nc4 Be6 14. Ng5 Bg8 15. f4 e4
16. Ne3 d5 17. dxe4 dxe4 18. Qh5 Qe8 19. Qh3 Nd8 20. g4 Ne6 21. Nxf5 Nxg5 22.
fxg5 Bd5 23. Nxg7 Kxg7 24. Qh6+ Kh8 25. c4 Ng8 26. Qh4 Bc6 27. Bd2 Rd8 28. Bc3+
Rd4 29. Rad1 Qe5 30. g6 h6 31. g5 Kg7 32. Bxd4 cxd4 33. Bxe4 d3 34. Bxc6 Qc5+
35. Kh1 Qxc6+ 36. Qe4 Rf1+ 37. Kg2 Qxe4+ 38. Rxe4 Rxd1 39. gxh6+ Kxh6 40. Kf2
Rh1 41. Ke3 Rxh2 42. Kxd3 Rxb2 43. Re8 Nf6 44. Rb8 Kxg6 45. c5 Nd7 46. Rc8 Rb4
47. Rc7 Nxc5+ 48. Rxc5 Rxa4 49. Rb5 Rb4 50. Rxa5 Kf6 1/2-1/2

[Event "Campeonato Femenino 2015"]
[Site "Sochi RUS"]
[Date "2015.03.19"]
[Round "6.2"]
[White "Kosintseva, Tatiana"]
[Black "Gomes, Mary Ann"]
[Result "1-0"]
[WhiteElo "2483"]
[BlackElo "2354"]
[PlyCount "108"]
[EventDate "2015.03.16"]
[EventType "k.o."]
[EventRounds "6"]
[EventCountry "RUS"]
[Source "lmi"]
[SourceDate "2015.03.16"]

1. e4 c5 2. Nf3 e6 3. g3 Nc6 4. Bg2 d5 5. exd5 exd5 6. O-O Nf6 7. d4 Bg4 8.
Re1+ Be7 9. dxc5 O-O 10. Be3 d4 11. Bg5 Bxc5 12. Nbd2 Be7 13. h3 Be6 14. Nb3 h6
15. Bxf6 Bxf6 16. Nc5 Bd5 17. Qd2 b6 18. Ne4 Bxe4 19. Rxe4 Rc8 20. Rae1 Qd7 21.
Nh2 Rfe8 22. Ng4 Bg5 23. f4 Be7 24. R1e2 Bc5 25. Kh2 Rxe4 26. Bxe4 Re8 27. Bxc6
Rxe2+ 28. Qxe2 Qxc6 29. Ne5 Qd5 30. b3 Qe6 31. Kg2 f6 32. Qc4 Qxc4 33. Nxc4 Kf7
34. f5 g6 35. g4 gxf5 36. gxf5 Ke7 37. Kf3 b5 38. Nb2 Bb4 39. Ke4 Bc3 40. Nd3
Kd6 41. Nf2 h5 42. Nd3 a5 43. Nf4 h4 44. Nd5 Kc5 45. Nxf6 d3 46. Nd7+ Kd6 47.
Kxd3 b4 48. Nb6 Ke5 49. Nc4+ Kxf5 50. Ke3 Bf6 51. Nxa5 Be7 52. Nc4 Bc5+ 53. Kf3
Kg5 54. Ke4 Be7 1-0

[Event "Campeonato Femenino 2015"]
[Site "Sochi RUS"]
[Date "2015.03.19"]
[Round "6.3"]
[White "Javakhishvili, Lela"]
[Black "Guramishvili, Sopiko"]
[Result "1/2-1/2"]
[WhiteElo "2481"]
[BlackElo "2367"]
[PlyCount "85"]
[EventDate "2015.03.16"]
[EventType "k.o."]
[EventRounds "6"]
[EventCountry "RUS"]
[Source "lmi"]
[SourceDate "2015.03.16"]

1. d4 Nf6 2. Nf3 g6 3. Bf4 Bg7 4. e3 d6 5. h3 O-O 6. Be2 c5 7. c3 b6 8. O-O Bb7
9. a4 Nfd7 10. Nbd2 e5 11. dxe5 dxe5 12. Bg3 e4 13. Ne1 Ne5 14. Nc4 Nxc4 15.
Bxc4 Nd7 16. f4 Nf6 17. Bh4 Qc7 18. Nc2 a6 19. Qe2 Ne8 20. f5 Nd6 21. fxg6 hxg6
22. Bf6 Nxc4 23. Qxc4 Bxf6 24. Rxf6 Kg7 25. Raf1 Rad8 26. Qe2 Rd6 27. Qf2 Qe7
28. Rxd6 Qxd6 29. Na3 f5 30. Nc4 Qe6 31. b3 Bd5 32. Qg3 Bxc4 33. bxc4 Rf7 34.
Rd1 f4 35. exf4 e3 36. Re1 Re7 37. f5 Qxf5 38. Rxe3 Qb1+ 39. Kh2 Rxe3 40. Qxe3
Qb3 41. Qe7+ Kh6 42. Qh4+ Kg7 43. Qe7+ 1/2-1/2

[Event "Campeonato Femenino 2015"]
[Site "Sochi RUS"]
[Date "2015.03.19"]
[Round "6.4"]
[White "Paehtz, Elisabeth"]
[Black "Arabidze, Meri"]
[Result "0-1"]
[WhiteElo "2479"]
[BlackElo "2374"]
[PlyCount "112"]
[EventDate "2015.03.16"]
[EventType "k.o."]
[EventRounds "6"]
[EventCountry "RUS"]
[Source "lmi"]
[SourceDate "2015.03.16"]

1. e4 c5 2. Nf3 e6 3. d4 cxd4 4. Nxd4 a6 5. Bd3 Nf6 6. Qe2 d6 7. O-O Qc7 8. f4
Nbd7 9. c4 g6 10. Nc3 Bg7 11. Be3 O-O 12. Rac1 e5 13. Nf3 exf4 14. Bxf4 Re8 15.
Kh1 Nc5 16. Qc2 Bg4 17. b4 Ne6 18. Be3 Bxf3 19. gxf3 Nd7 20. Nd5 Qd8 21. Qf2
Rc8 22. Rfd1 Nc7 23. Be2 Nxd5 24. Rxd5 Qe7 25. Rcd1 Nf6 26. R5d4 Red8 27. R4d2
Nh5 28. a3 Be5 29. Bf1 Bf4 30. Rd5 Bxe3 31. Qxe3 Nf6 32. R5d2 Nh5 33. Rd4 Qf6
34. Bh3 Rb8 35. Bf1 Rbc8 36. Be2 Nf4 37. R1d2 Nxe2 38. Qxe2 Qg5 39. Qd3 Qf4 40.
Rd1 b6 41. Qe2 h5 42. e5 Qf5 43. exd6 Rd7 44. Qe4 Qg5 45. Rd5 Qf6 46. c5 bxc5
47. bxc5 Qc3 48. R1d3 Qc1+ 49. Rd1 Qc3 50. Qd4 Qxf3+ 51. Kg1 h4 52. Qf2 Qg4+
53. Qg2 Qc4 54. Qf2 h3 55. Re5 Qg4+ 56. Kh1 Qxd1+ 0-1

[Event "Campeonato Femenino 2015"]
[Site "Sochi RUS"]
[Date "2015.03.19"]
[Round "6.5"]
[White "Daulyte, Deimante"]
[Black "Socko, Monika"]
[Result "0-1"]
[WhiteElo "2395"]
[BlackElo "2463"]
[PlyCount "102"]
[EventDate "2015.03.16"]
[EventType "k.o."]
[EventRounds "6"]
[EventCountry "RUS"]
[Source "lmi"]
[SourceDate "2015.03.16"]

1. e4 e6 2. d4 d5 3. Nc3 Nf6 4. e5 Nfd7 5. f4 c5 6. Nf3 Nc6 7. Be3 Be7 8. Qd2
b6 9. Be2 O-O 10. Nd1 cxd4 11. Nxd4 Nxd4 12. Bxd4 Nc5 13. Nf2 Bb7 14. O-O Ne4
15. Qe3 Rc8 16. c3 f5 17. exf6 Bxf6 18. Bg4 Qe7 19. Qh3 Rce8 20. Nd3 Ba6 21.
Rad1 Bxd4+ 22. cxd4 Qf6 23. Qe3 Bxd3 24. Rxd3 Rc8 25. f5 Rce8 26. Rdd1 e5 27.
Qb3 Qd6 28. Be2 Kh8 29. Bb5 Rd8 30. Rfe1 exd4 31. Rxd4 Qc5 32. Qd3 Nd6 33. Ba4
Nxf5 34. Rd1 Nxd4 35. Qxd4 Rf4 36. Qxc5 bxc5 37. Bc6 d4 38. g3 Rf6 39. Be4 d3
40. Rd2 c4 41. Kg2 a5 42. h3 g6 43. g4 h6 44. Kg3 Kg7 45. h4 Rd4 46. Bb7 Re6
47. Bf3 g5 48. h5 Rf4 49. Bd1 Re1 50. b3 Re3+ 51. Kg2 c3 0-1